00505nmm a2200181Ia 4500008004100000041000800041100002100049245002500070264005000095300001700145490001600162650002800178700002100206700002100227856005100248942000700299999001700306251105s9999||||xx |||||||||||||||||und|| abaq aCarrasco, Josema 0aLurrik gabeko loreak a[Madrid, España] :bEditorial Saure, c2011 a25 páginas aCyclecircus aGraphic novels (Comics) aCarrasco, Josema1 a Gómez, Joseba uhttps://public.digitaliapublishing.com/a/60247 cCF c63629d63629